The time machine ; and, the invisible man / (Record no. 328453)
[ view plain ]
| 000 -LEADER | |
|---|---|
| fixed length control field | 01456cam a2200349 a 4500 |
| 001 - CONTROL NUMBER | |
| control field | 15910717 |
| 003 - CONTROL NUMBER IDENTIFIER | |
| control field | Nust |
| 005 - DATE AND TIME OF LATEST TRANSACTION | |
| control field | 20170407120507.0 |
| 008 - FIXED-LENGTH DATA ELEMENTS--GENERAL INFORMATION | |
| fixed length control field | 090917r20071984nyu b 000 1 eng d |
| 010 ## - LIBRARY OF CONGRESS CONTROL NUMBER | |
| LC control number | 2009464789 |
| 020 ## - INTERNATIONAL STANDARD BOOK NUMBER | |
| International Standard Book Number | 9781593080327 (pbk.) |
| 035 ## - SYSTEM CONTROL NUMBER | |
| System control number | (OCoLC)ocn181154949 |
| 040 ## - CATALOGING SOURCE | |
| Original cataloging agency | IMF |
| Transcribing agency | IMF |
| Modifying agency | BAKER |
| -- | BTCTA |
| -- | OCLCG |
| -- | DLC |
| 042 ## - AUTHENTICATION CODE | |
| Authentication code | lccopycat |
| 050 00 - LIBRARY OF CONGRESS CALL NUMBER | |
| Classification number | PR5772 |
| Item number | 2007 |
| 082 00 - DEWEY DECIMAL CLASSIFICATION NUMBER | |
| Classification number | 823.912 |
| Author Mark | WEL |
| 100 1# - MAIN ENTRY--PERSONAL NAME | |
| Personal name | Wells, H. G. |
| Fuller form of name | (Herbert George), |
| Dates associated with a name | 1866-1946. |
| 240 10 - UNIFORM TITLE | |
| Uniform title | Novels. |
| Form subheading | Selections |
| 245 14 - TITLE STATEMENT | |
| Title | The time machine ; and, the invisible man / |
| Statement of responsibility, etc. | H.G. Wells ; with an introduction by John Calvin Batchelor ; and with an afterword by Paul Youngquist. |
| 246 30 - VARYING FORM OF TITLE | |
| Title proper/short title | Time machine |
| 246 30 - VARYING FORM OF TITLE | |
| Title proper/short title | Invisible man |
| 260 ## - PUBLICATION, DISTRIBUTION, ETC. | |
| Place of publication, distribution, etc. | New York : |
| Name of publisher, distributor, etc. | Signet Classics, |
| Date of publication, distribution, etc. | 2007. |
| 300 ## - PHYSICAL DESCRIPTION | |
| Extent | xxiii, 284 p. ; |
| Dimensions | 18 cm. |
| 490 0# - SERIES STATEMENT | |
| Series statement | Signet classics |
| 504 ## - BIBLIOGRAPHY, ETC. NOTE | |
| Bibliography, etc. note | Includes bibliographical references (p. 291-292). |
| 520 ## - SUMMARY, ETC. | |
| Summary, etc. | In the first of these two science fiction stories a scientist invents a machine that transports him into the future. In the second story a man watches his body slowly become invisible. |
| 650 #0 - SUBJECT ADDED ENTRY--TOPICAL TERM | |
| Topical term or geographic name entry element | Time travel |
| Form subdivision | Fiction. |
| 650 #0 - SUBJECT ADDED ENTRY--TOPICAL TERM | |
| Topical term or geographic name entry element | Science fiction. |
| 700 1# - ADDED ENTRY--PERSONAL NAME | |
| Personal name | Batchelor, John Calvin. |
| 700 1# - ADDED ENTRY--PERSONAL NAME | |
| Personal name | Youngquist, Paul. |
| 906 ## - LOCAL DATA ELEMENT F, LDF (RLIN) | |
| a | 7 |
| b | cbc |
| c | copycat |
| d | 2 |
| e | ncip |
| f | 20 |
| g | y-gencatlg |
| 942 ## - ADDED ENTRY ELEMENTS (KOHA) | |
| Source of classification or shelving scheme | |
| Koha item type | Book |
| Withdrawn status | Lost status | Source of classification or shelving scheme | Damaged status | Not for loan | Permanent Location | Current Location | Shelving location | Date acquired | Total Checkouts | Total Renewals | Full call number | Barcode | Date last seen | Date last checked out | Copy number | Price effective from | Koha item type |
|---|---|---|---|---|---|---|---|---|---|---|---|---|---|---|---|---|---|
| Central Library (CL) | Central Library (CL) | Fiction | 04/07/2017 | 5 | 2 | 823.912 WEL | CL1122 | 04/10/2025 | 01/20/2025 | 1 | 04/07/2017 | Book |
